00546nam a22001695i 4500001000700000003000900007005001700016008004100033040002000074100002900094245003700123260008800160300002200248490003700270830003700307852003200344155690ES-MaACL20250716062625.0010926q18901910fr |||| | fre d aCAM bspa cCAM1 aHugo, Victor,d1802-188513aLa fin de Satan / cVictor Hugo. aParis : bJ. Hetzel : bSoc. Fr. d'Editions d'Art, c[s.a.] (fLib.-Imp. réunies) a316 p. ; c18 cm.1 aOeuvres posthumes de Victor Hugo0 aOeuvres posthumes de Victor Hugo aES-MaACLjG-3078 z-- Rust.